000 00680nam a22001817a 4500
999 _c80965
_d80965
008 201130b ||||| |||| 00| 0 eng d
040 _bger
_cDE-2950
_erda
_aDE-2950
041 _ager
245 _aLuca-App lässt auf sich warten.
_bPandemie: Das Gesundheitsamt in Frankfurt sieht noch Klärungsbedarf, vor allem im Hinblick auf den Datenschutz.
653 _aFrankfurt (Oder)
653 _aPandemie/Corona
653 _aJugendszene
773 _dFrankfurt (Oder): Märkisches Verlags- und Druckhaus GmbH & Co KG
_g32. Jahrgang (2021) Nr. 92 vom 21.04.2021, S. 15
_tMärkische Oderzeitung
942 _cA